Normal view
MARC view
- Watkinson,Laura
Entry Personal Name
001 - CONTROL NUMBER
- control field: 111432
003 - CONTROL NUMBER IDENTIFIER
- control field: NUST
005 - DATE AND TIME OF LATEST TRANSACTION
- control field: 20230327110702.0
008 - FIXED-LENGTH DATA ELEMENTS
- fixed length control field: 230327|| aca||aabn | a|a d
040 ## - CATALOGING SOURCE
- Original cataloging agency: NUST
- Transcribing agency: NUST
100 ## - HEADING--PERSONAL NAME
- Personal name: Watkinson,Laura
670 ## - SOURCE DATA FOUND
- Source citation: Work cat.: (NUST): Watkinson,Laura, Children,S Rooms, 2009.
